000 00410nam a2200169Ia 4500
003 OSt
005 20230527100753.0
008 210423s2005 xx 000 0 und d
040 _cAL
082 _a158.3
_223
_b PANC
100 _aPANDEY (V C).
_9115144
245 _aChild counselling.
260 _aNew Delhi
_bIsha Books
_c2005
365 _b890
_cINR
906 _aChild ; counselling.
942 _2ddc
_cBK
999 _c174348
_d174348